LEADER 01169nam--2200385---450- 001 990005853960203316 005 20130604143435.0 010 $a978-88-6342-405-8 035 $a000585396 035 $aUSA01000585396 035 $a(ALEPH)000585396USA01 035 $a000585396 100 $a20130604d2012----km-y0itay50------ba 101 $aita 102 $aIT 105 $a||||||||001yy 200 1 $a˜Studi sulla tradizione giurisprudenziale romana$eetà degli Antonini e dei Severi$fFara Nasti 210 $aNapoli$cEditoriale scientifica$d2012 215 $a164 p.$d22 cm 225 2 $aBiblioteca universitaria 410 0$12001$aBiblioteca universitaria 454 1$12001 461 1$1001-------$12001 606 0 $aGiurisprudenza romana$2BNCF 676 $a340.54 700 1$aNASTI,$bFara$0155139 801 0$aIT$bsalbc$gISBD 912 $a990005853960203316 951 $aXXII.2.D. 466$b77042 G.$cXXII.2.D.$d00341208 959 $aBK 969 $aGIU 979 $aFIORELLA$b90$c20130604$lUSA01$h1430 979 $aFIORELLA$b90$c20130604$lUSA01$h1434 996 $aStudi sulla tradizione giurisprudenziale romana$9838007 997 $aUNISA LEADER 01247nam0-2200313 --450 001 9910471754203321 005 20210519123738.0 100 $a20210519d1971----kmuy0itay5050 ba 101 0 $afre 102 $aFR 105 $a 001yy 200 1 $a<>expressionnisme dans le theatre europeen$eStrasbourg, 27 nov.- 1. dec. 1968$fcolloque organise par le Centre d'Etudes Germaniques de l'Universite de Strasbourg et l'Equipe de Recherches Theatrales et Musicologiques du CNRS$getudes de L. Grodecki ... \et al.!$greunies et presentees par Denis Bablet et Jean Jacquot 210 $aParis$cEditions du Centre national de la recherche scientifique$d1971 215 $a407 p.$cill.$d28 cm 225 1 $aˆLe ‰ch?ur des muses 610 0 $aTeatro$aEspressionismo$aEuropa$aCongressi$a1968 610 0 $aTeatro$aCongressi$aStrasburgo$a1968 610 0 $aTeatro espressionista 610 0 $aTeatro$aStoria$aSec. 20. 702 1$aJacquot,$bJean 702 1$aGrodecki,$bLouis 702 1$aBablet,$bDenis 801 0$aIT$bUNINA$gREICAT$2UNIMARC 901 $aBK 912 $a9910471754203321 952 $aSA 713$bFil. Mod. 2229$fFLFBC 959 $aFLFBC 996 $aExpressionnisme dans le Théatre Européen$9926591 997 $aUNINA